000 00699nam a2200205Ia 4500
003 GCL
005 20240530104711.0
008 140319s1976 ua h f 000 0 ara d
040 _aGCL /
_cGCL
082 0 4 _a791.438/
_bو د
110 1 _aوزارة الثقافة
245 1 0 _aدليل السينما 74 - 75 - 1976 /
_cوزارة الثقافة
260 _aالقاهرة :
_bالمركز القومى للثقافة السينمائية،
_c1976.
300 _a207 ص. :
_bصور ؛
_c24 سم
650 0 4 _aالافلام السينمائية
650 0 4 _aالسينما
650 0 4 _aالافلام السينمائية - مصر
700 1 _aعدلى الدهيبى
942 _2ddc
_cBK
999 _c49980
_d49980